00698cam a22002171 45000010005000000030008000050050017000130080041000300350019000710400030000900410008001200820031001281000025001592450054001842600057002383000029002954900055003245000021003796500024004008300056004247351BD-RjUL20211208234413.0140113r19531951xx 000 0 eng d a(BD-RjUL) 7394 aDLCcOCdDLCdBD-RjUbeng aeng00223a332.414bHAS 1953-19611 aHansen, Bent,d1920-12aA study in the theory of inflation /cBent Hansen aNew York :bRinehart, c1951 [Impression 1953-1961]] a262 p. :bill. ;c23 cm.0 aThe Library of economics. Section 2: New works,v4 aIncludes index.  0aInflation (Finance) aThe Library of economics. Section 2: New works ;v4